Alice in Chains Songs - Sudden Death - Statistics

General Stats
  • This quiz has been taken 263 times
  • The average score is 14 of 20
Answers on the Grid
Answers color-coded by a green-red scale on the quiz's grid according to % correct below.
Again
Alive
Angry Chair
Bleed The Freak
Check My Brain
Do The Evolution
Don't Damn Me
Down In A Hole
Even Flow
Fell On Black Days
Grind
Hate To Feel
Heaven Beside You
I Stay Away
In Bloom
Jeremy
Junkhead
Lithium
Love Buzz
Love, Hate, Love
Man In The Box
No Excuses
Nutshell
Rooster
Rotten Apple
Sea Of Sorrow
Spoonman
Spread Your Wings
Them Bones
Wasted Years
We Die Young
White Man
Would?
 
Answer Stats
Answer % Correct
Bleed The Freak
90%
Down In A Hole
84%
Man In The Box
83%
Rooster
83%
Nutshell
81%
Them Bones
80%
Would?
79%
Angry Chair
78%
Rotten Apple
74%
Junkhead
71%
I Stay Away
70%
No Excuses
69%
We Die Young
69%
Heaven Beside You
68%
Love, Hate, Love
66%
Sea Of Sorrow
63%
Again
59%
Check My Brain
59%
Grind
55%
Hate To Feel
54%
No matching quizzes found
Score Distribution
Percent of People with Each Score
Percentile by Number Answered
Your Score History
You have not taken this quiz